000 00358pab a2200157 454500
008 180718b2014 xxu||||| |||| 00| 0 eng d
100 _aJain, Parul
245 _aRamifications of domestic violence
260 _c2014
300 _ap.16-20.
362 _a8 Mar
650 _aDomestic violence
773 _aMainstream
908 _aN
909 _a103914
999 _c103910
_d103910